<?xml version="1.0" encoding="UTF-8"?><?xml-stylesheet type="text/xsl" href="static/style.xsl"?><OAI-PMH xmlns="http://www.openarchives.org/OAI/2.0/" xmlns:xsi="http://www.w3.org/2001/XMLSchema-instance" xsi:schemaLocation="http://www.openarchives.org/OAI/2.0/ http://www.openarchives.org/OAI/2.0/OAI-PMH.xsd"><responseDate>2026-05-11T23:45:35Z</responseDate><request verb="GetRecord" identifier="oai:riubu.ubu.es:10259/11294" metadataPrefix="marc">https://riubu.ubu.es/oai/request</request><GetRecord><record><header><identifier>oai:riubu.ubu.es:10259/11294</identifier><datestamp>2026-01-30T01:05:34Z</datestamp><setSpec>com_10259_7384</setSpec><setSpec>com_10259_5086</setSpec><setSpec>com_10259_2604</setSpec><setSpec>col_10259_7385</setSpec></header><metadata><record xmlns="http://www.loc.gov/MARC21/slim" xmlns:doc="http://www.lyncode.com/xoai" xmlns:xsi="http://www.w3.org/2001/XMLSchema-instance" xmlns:dcterms="http://purl.org/dc/terms/" xsi:schemaLocation="http://www.loc.gov/MARC21/slim http://www.loc.gov/standards/marcxml/schema/MARC21slim.xsd">
<leader>00925njm 22002777a 4500</leader>
<datafield tag="042" ind1=" " ind2=" ">
<subfield code="a">dc</subfield>
</datafield>
<datafield tag="720" ind1=" " ind2=" ">
<subfield code="a">Pérez Cornejo, Clara</subfield>
<subfield code="e">author</subfield>
</datafield>
<datafield tag="720" ind1=" " ind2=" ">
<subfield code="a">Quevedo Puente, Mª Esther</subfield>
<subfield code="e">author</subfield>
</datafield>
<datafield tag="720" ind1=" " ind2=" ">
<subfield code="a">Delgado García, Juan Bautista</subfield>
<subfield code="e">author</subfield>
</datafield>
<datafield tag="260" ind1=" " ind2=" ">
<subfield code="c">2020-05</subfield>
</datafield>
<datafield tag="520" ind1=" " ind2=" ">
<subfield code="a">Corporate social performance (CSP) is one of the main drivers of corporate reputation. The main aim of this study is to analyze the moderating effect of corporate social responsibility (CSR) reporting quality on the relation of CSP and corporate reputation through two effects. First, it may enhance the firm's credibility because CSR reporting favors CSP consistency by reducing managers' CSR discretion and easing CSP comparability along the time. Second, it may increase the visibility of CSR actions beyond direct stakeholders involved in them. Analyzing an international sample of 132 companies from nine countries for the period 2011–2016, we show that all of the CSP dimensions (social, environmental, and economic) positively affect corporate reputation. We also find that good CSR reporting quality increases the intensity of the environmental and social performance effects on corporate reputation. Results provide a new perspective of the role CSR reporting quality that managers have to deal to get better impacts of CSP on corporate reputation.</subfield>
</datafield>
<datafield tag="024" ind2=" " ind1="8">
<subfield code="a">1535-3958</subfield>
</datafield>
<datafield tag="024" ind2=" " ind1="8">
<subfield code="a">https://hdl.handle.net/10259/11294</subfield>
</datafield>
<datafield tag="024" ind2=" " ind1="8">
<subfield code="a">10.1002/csr.1881</subfield>
</datafield>
<datafield tag="024" ind2=" " ind1="8">
<subfield code="a">1535-3966</subfield>
</datafield>
<datafield ind1=" " ind2=" " tag="653">
<subfield code="a">Corporate reputation</subfield>
</datafield>
<datafield ind1=" " ind2=" " tag="653">
<subfield code="a">Corporate social responsibility performance</subfield>
</datafield>
<datafield ind1=" " ind2=" " tag="653">
<subfield code="a">Corporate socialresponsibility reporting</subfield>
</datafield>
<datafield ind1=" " ind2=" " tag="653">
<subfield code="a">Stakeholder–agency theory</subfield>
</datafield>
<datafield tag="245" ind1="0" ind2="0">
<subfield code="a">Reporting as a booster of the corporate social performance effect on corporate reputation</subfield>
</datafield>
</record></metadata></record></GetRecord></OAI-PMH>